| 000 | 00516nam a2200169 i 4500 | ||
|---|---|---|---|
| 001 | 57555 | ||
| 003 | ES-MaACL | ||
| 005 | 20230906163612.0 | ||
| 007 | t| | ||
| 008 | 031016s1916 sp ||||1| spa d | ||
| 100 | 1 |
_aDomínguez Berrueta, Juan. _945191 |
|
| 245 | 1 | 0 |
_aSalamanca _b: guia sentimental / _cJuan Domínguez Berrueta. |
| 260 |
_a[S.l. : _bs.n., _c1916] ( _eSalamanca : _fManuel P. Criado) |
||
| 300 |
_a115 p. ; _c18 cm. |
||
| 651 | 4 |
_aSalamanca- _vGuías turísticas. _9155396 |
|
| 852 |
_aES-MaACL _jD-2468 |
||
| 999 |
_c57555 _d57555 |
||